| 000 | 01067nam a22003257a 4500 | ||
|---|---|---|---|
| 003 | CHAP | ||
| 005 | 20220329135011.0 | ||
| 008 | 971013s1953 r 00010 d | ||
| 010 | _a29322 | ||
| 011 | _a30294 | ||
| 035 | _a34406 | ||
| 040 | _cCHAP | ||
| 082 |
_a667.623 _bK7 |
||
| 100 | 0 | 0 |
_aKrieger Vázquez, Rodolfo. _963925 |
| 245 | _aFabricación de óxido de zinc | ||
| 260 |
_aMéxico, D. F. : _bOficina de Investigaciones Industriales, _c1953 |
||
| 300 |
_a57 p. _b: ilus. |
||
| 490 |
_aInformes preliminares _v; 31 |
||
| 590 |
_aBATCH-UPD _b10 _c20130110 _lUCH01 _h2230 |
||
| 590 |
_aBATCH-UPD _b10 _c20130410 _lUCH01 _h1526 |
||
| 590 |
_aBATCH-UPD _b10 _c20130914 _lUCH01 _h1840 |
||
| 590 |
_aCONVERSION _b10 _c20130109 _lUCH01 _h1317 |
||
| 650 | 1 | 4 |
_aOxido de zinc. _984465 |
| 830 | 0 |
_aInformes preliminares _v; 31 _958150 |
|
| 901 | _aBK | ||
| 942 | _cLIBRO | ||
| 949 |
_a667.623 K7 _bBC _cBPA _d-153692 _eBPA _i34406 _si |
||
| 949 |
_a667.623 K7 _bBC _cBPA _d-79664 _eBPA _fc.2 _h25365 _i34406 _si |
||
| 949 |
_a667.623 K7 _bBC _cBPA _d-79665 _eBPA _fc.3 _h25366 _i34406 _si |
||
| 999 |
_c29322 _d29322 |
||